00798nam a2200253 i 4500001001000000003000900010005001700019007000300036008004100039040003000080041000800110082003100118100002900149245004000178250002200218264003600240300002800276336002700304337003400331338002700365500005700392610003800449651005700487000041224DO-SdBNP20250626100714.0ta130926s1985 dr 000 0 spa d aDO-SdBNPbspacBNPHUerda hspa 4a320.97293bM296c, 19852221 aMañón, Melvineautor10aCambio de mandos /cMelvin Mañon. aSegunda edición 1aSanto Domingo :bTaller,c1985. a222 páginas ;c20 cm. 2rdacontentatextobtxt 2rdamediaasin mediaciónbnc 2rdacarrieravolumenbn aIncluye datos biográficos del autor en las solapas20aPartido Revolucionario Dominicano 4aRepública DominicanaxPolítica y gobiernoy1961-